[Event "NED-chT Promotion Liga 2b"]
[Site "Netherlands"]
[Date "2021.06.05"]
[Round "1.1"]
[White "Van den Boogaart, Jan Maarten"]
[Black "Bottema, Timo"]
[Result "1-0"]
[WhiteElo "2034"]
[BlackElo "2006"]
[PlyCount "81"]
[EventDate "2021.06.05"]
[EventType "team-k.o."]
[EventRounds "2"]
[EventCountry "NED"]
[SourceTitle "EXT 2024"]
[Source "ChessBase"]
[SourceDate "2023.10.10"]
[SourceVersion "1"]
[SourceVersionDate "2023.10.10"]
[SourceQuality "1"]
[WhiteTeam "Utrecht Oud Zuylen"]
[BlackTeam "Delft"]
[WhiteTeamCountry "NED"]
[BlackTeamCountry "NED"]

1. e4 e6 2. d4 d5 3. Nc3 Bb4 4. e5 c5 5. a3 Bxc3+ 6. bxc3 Ne7 7. Nf3 b6 8. Bb5+ Bd7 9. Bd3 Ba4 10. 0-0 c4 11. Be2 Na6 12. Ne1 Qd7 13. Bg5 0-0-0 14. Bg4 Nc7 15. f4 Rdf8 16. Bxe7 Qxe7 17. f5 exf5 18. Bxf5+ Bd7 19. Bxd7+ Qxd7 20. Nf3 Qg4 21. Qe1 Qg6 22. Nh4 Qxc2 23. Nf5 Kd7 24. Rf2 Qa4 25. Nxg7 Rhg8 26. Nh5 Ne8 27. Qe3 Rg6 28. Nf4 Qc6 29. Nxg6 hxg6 30. Qh6 Ke7 31. Raf1 Qe6 32. Qg5+ Kd7 33. a4 a6 34. Rf6 Qe7 35. Qg4+ Kc7 36. R6f2 Ng7 37. Qf3 Qd7 38. Qf6 Nf5 39. e6 Qxe6 40. Qxe6 fxe6 41. g4 1-0

[Event "Guernsey op 45th"]
[Site "Vale"]
[Date "2019.10.26"]
[Round "7"]
[White "Van Dijk, Bram"]
[Black "Van den Boogaart, Jan Maarten"]
[Result "0-1"]
[WhiteElo "1982"]
[BlackElo "2039"]
[PlyCount "72"]
[EventDate "2019.10.20"]
[EventType "swiss"]
[EventRounds "7"]
[EventCountry "GCI"]
[SourceTitle "EXT 2021"]
[Source "ChessBase"]
[SourceDate "2020.10.23"]
[SourceVersion "1"]
[SourceVersionDate "2020.10.23"]
[SourceQuality "1"]

1. e4 c5 2. Nc3 Nc6 3. f4 g6 4. Nf3 Bg7 5. Bc4 e6 6. 0-0 Nge7 7. d3 0-0 8. a3 b6 9. Qe1 Bb7 10. Qh4 Nd4 11. Nxd4 cxd4 12. Ne2 d5 13. exd5 Bxd5 14. b3 Bc6 15. a4 Qd7 16. Bb5 Nf5 17. Qf2 Ne3 18. Nxd4 Nxf1 19. Nxc6 Bxa1 20. Ba3 Kh8 21. Kxf1 Qc7 22. d4 a6 23. Qh4 f6 24. Be7 Kg7 25. Qg4 axb5 26. axb5 f5 27. Qh4 Rf7 28. Bg5 h5 29. Qe1 Bb2 30. Qxe6 Qd7 31. Qc4 Re8 32. d5 Re4 33. Qd3 Bf6 34. Bxf6+ Rxf6 35. Ne5 Rxf4+ 36. Kg1 Qd6 0-1

[Event "Guernsey op 44th"]
[Site "Vale"]
[Date "2018.10.27"]
[Round "7"]
[White "Thurlow, Kevin J"]
[Black "Van den Boogaart, Jan Maarten"]
[Result "1-0"]
[WhiteElo "2002"]
[BlackElo "2009"]
[PlyCount "119"]
[EventDate "2018.10.21"]
[EventType "swiss"]
[EventRounds "7"]
[EventCountry "GCI"]
[SourceTitle "CBM 187 Extra"]
[Source "ChessBase"]
[SourceDate "2018.11.04"]
[SourceVersion "1"]
[SourceVersionDate "2018.11.04"]
[SourceQuality "1"]

1. c4 e5 2. Nc3 Nf6 3. Nf3 Nc6 4. e3 Bb4 5. Qc2 Bxc3 6. bxc3 0-0 7. Be2 d6 8. 0-0 b6 9. Rb1 Re8 10. e4 Na5 11. d3 h6 12. h3 Nh7 13. Ne1 Be6 14. f4 exf4 15. Bxf4 Nf8 16. Nf3 Ng6 17. Bg3 Qe7 18. Nd4 Ne5 19. Nxe6 Qxe6 20. Rf2 Rf8 21. Rbf1 Nac6 22. d4 Qg6 23. Kh2 Nd7 24. Bd3 Qg5 25. e5 Nd8 26. exd6 cxd6 27. Bxd6 Re8 28. Rf5 Qe3 29. R1f3 Qe6 30. Bc7 f6 31. R5f4 Qc6 32. Bxd8 Raxd8 33. Be4 Qd6 34. Bd5+ Kh8 35. Qg6 Nf8 36. Qg3 Re7 37. Rh4 Qxg3+ 38. Kxg3 Re2 39. Re4 Re8 40. Rxe8 Rxe8 41. Kf2 Kh7 42. h4 Nd7 43. Bc6 Re7 44. Bxd7 Rxd7 45. Ke3 Kg8 46. Kd3 Kf7 47. Rf5 Ke6 48. Rb5 Rc7 49. h5 Kd6 50. a4 Rc6 51. a5 Kc7 52. axb6+ axb6 53. d5 Rd6 54. Kd4 f5 55. c5 bxc5+ 56. Kxc5 Rf6 57. d6+ Kc8 58. Kc6 g6 59. hxg6 Rxg6 60. Rxf5 1-0

[Event "Guernsey op 44th"]
[Site "Vale"]
[Date "2018.10.21"]
[Round "1"]
[White "Van den Boogaart, Jan Maarten"]
[Black "Schadd, Jan"]
[Result "1-0"]
[WhiteElo "2009"]
[BlackElo "1872"]
[PlyCount "73"]
[EventDate "2018.10.21"]
[EventType "swiss"]
[EventRounds "7"]
[EventCountry "GCI"]
[SourceTitle "CBM 187 Extra"]
[Source "ChessBase"]
[SourceDate "2018.11.04"]
[SourceVersion "1"]
[SourceVersionDate "2018.11.04"]
[SourceQuality "1"]

1. e4 e6 2. d4 d5 3. Nc3 Bb4 4. e5 c5 5. a3 Bxc3+ 6. bxc3 Qa5 7. Bd2 Qa4 8. Qg4 Kf8 9. Qd1 Nc6 10. Nf3 Nge7 11. Be3 c4 12. Be2 h6 13. 0-0 Ke8 14. Ne1 Kd7 15. f4 Kc7 16. g3 Bd7 17. Ng2 Rag8 18. Kh1 Nd8 19. Bg1 f6 20. exf6 gxf6 21. Ne3 Nf7 22. Bf3 Nd6 23. Qe2 Be8 24. f5 Nexf5 25. Nxf5 exf5 26. Bxd5 Rg7 27. Bg2 Bd7 28. d5 Re8 29. Qd2 Rge7 30. Bf3 f4 31. Qxf4 Qxc2 32. Bc5 Re5 33. Bxd6+ Kxd6 34. Qxc4 Re4 35. Bxe4 Rxe4 36. Rxf6+ Ke5 37. Qf1 1-0

[Event "Guernsey op 43rd"]
[Site "Vale"]
[Date "2017.10.21"]
[Round "7"]
[White "Van den Boogaart, Jan Maarten"]
[Black "Heppell, Ian"]
[Result "0-1"]
[WhiteElo "1991"]
[BlackElo "2034"]
[PlyCount "60"]
[EventDate "2017.10.15"]
[EventType "swiss"]
[EventRounds "7"]
[EventCountry "GCI"]
[SourceTitle "CBM 181 Extra"]
[Source "ChessBase"]
[SourceDate "2017.12.12"]
[SourceVersion "1"]
[SourceVersionDate "2017.12.12"]
[SourceQuality "1"]

1. d4 f5 2. c4 d6 3. Nf3 Nf6 4. Nc3 g6 5. g3 Bg7 6. Bg2 0-0 7. 0-0 Qe8 8. d5 Na6 9. Nd4 Bd7 10. e4 fxe4 11. Nxe4 Nxe4 12. Bxe4 Nc5 13. Bg2 a5 14. Be3 Qf7 15. Rc1 Kh8 16. Qd2 a4 17. Bh6 Bxh6 18. Qxh6 Nd3 19. Rc2 Ne5 20. Qd2 c5 21. dxc6 Nxc6 22. f4 Qf6 23. Nb5 Bf5 24. Rcc1 Rab8 25. Rfe1 Rfe8 26. Nc7 Red8 27. Nd5 Qg7 28. Qc3 e5 29. Qd2 Nd4 30. Be4 Bxe4 0-1

[Event "Andorra op 35th"]
[Site "Escaldes"]
[Date "2017.07.22"]
[Round "1"]
[White "Van den Boogaart, Jan Maarten"]
[Black "Kogan, Artur"]
[Result "0-1"]
[WhiteElo "1991"]
[BlackElo "2529"]
[PlyCount "80"]
[EventDate "2017.07.22"]
[EventType "swiss"]
[EventRounds "9"]
[EventCountry "AND"]
[SourceTitle "CBM 179 Extra"]
[Source "ChessBase"]
[SourceDate "2017.08.23"]
[SourceVersion "1"]
[SourceVersionDate "2017.08.23"]
[SourceQuality "1"]

1. d4 Nf6 2. c4 c5 3. d5 e6 4. Nc3 exd5 5. cxd5 d6 6. e4 g6 7. Nf3 Bg7 8. Bd3 a6 9. a4 Bg4 10. 0-0 0-0 11. h3 Bxf3 12. Qxf3 Nbd7 13. Re1 Ne5 14. Qd1 Nxd3 15. Qxd3 Nd7 16. Be3 Ne5 17. Qc2 Qa5 18. Ne2 c4 19. Reb1 Rac8 20. Bd4 Rfe8 21. Kf1 Bh6 22. Rd1 Nd3 23. Nc3 Nc5 24. Ra3 Qd8 25. f3 Nb3 26. Bf2 Qg5 27. Kg1 Bg7 28. Ne2 f5 29. Nd4 Bxd4 30. Bxd4 fxe4 31. fxe4 Qf4 32. Bc3 Qxe4 33. Qxe4 Rxe4 34. a5 Rc5 35. Bb4 Rb5 36. Bxd6 Nd4 37. Rf1 Rxd5 38. Bc7 c3 39. bxc3 Nb5 40. c4 Rxc4 0-1

[Event "Kiel op-A 29th"]
[Site "Kiel"]
[Date "2016.07.31"]
[Round "3"]
[White "Jacobs, Florian"]
[Black "Van den Boogaart, Jan Maarten"]
[Result "1-0"]
[WhiteElo "2228"]
[BlackElo "1988"]
[PlyCount "83"]
[EventDate "2016.07.30"]
[EventType "swiss"]
[EventRounds "9"]
[EventCountry "GER"]
[SourceTitle "CBM 173 Extra"]
[Source "ChessBase"]
[SourceDate "2016.08.29"]
[SourceVersion "1"]
[SourceVersionDate "2016.08.29"]
[SourceQuality "1"]

1. d4 d5 2. c4 c6 3. Nf3 Nf6 4. e3 Bf5 5. Nc3 e6 6. Nh4 Bg6 7. Be2 Nbd7 8. g3 dxc4 9. Nxg6 hxg6 10. Bxc4 c5 11. 0-0 Be7 12. Qb3 Qb6 13. d5 exd5 14. Nxd5 Nxd5 15. Bxd5 0-0 16. Bxb7 Rab8 17. Qxb6 Nxb6 18. Ba6 Bf6 19. Rb1 Na4 20. b3 Rfd8 21. Bc4 Nc3 22. Rb2 a5 23. Rc2 a4 24. Bb2 axb3 25. axb3 Ne4 26. Bxf6 gxf6 27. Ra1 Rd2 28. Rxd2 Nxd2 29. Bd5 Rd8 30. e4 Nf3+ 31. Kg2 Nd4 32. Ra5 Rc8 33. Ra7 Ne6 34. Re7 Ng5 35. f4 Kf8 36. Rd7 Ke8 37. Ra7 Ne6 38. f5 Rc7 39. Ra8+ Nd8 40. h4 Ke7 41. g4 Nc6 42. h5 1-0

[Event "Politiken Cup 37th"]
[Site "Helsingor"]
[Date "2015.07.29"]
[Round "6"]
[White "Van den Boogaart, Jan Maarten"]
[Black "Fossan, Andreas"]
[Result "1/2-1/2"]
[WhiteElo "2024"]
[BlackElo "1840"]
[PlyCount "51"]
[EventDate "2015.07.25"]
[EventType "swiss"]
[EventRounds "10"]
[EventCountry "DEN"]
[SourceTitle "CBM 167 Extra"]
[Source "ChessBase"]
[SourceDate "2015.09.14"]
[SourceVersion "1"]
[SourceVersionDate "2015.09.14"]
[SourceQuality "1"]

1. e4 c6 2. d4 d5 3. e5 c5 4. Nf3 Nc6 5. c3 Bg4 6. Be2 e6 7. Be3 cxd4 8. cxd4 Nge7 9. Na3 Nf5 10. Nc2 Be7 11. h3 Bxf3 12. Bxf3 0-0 13. 0-0 Qb6 14. Qd2 Rac8 15. b3 Rc7 16. Be2 Rfc8 17. Bd3 Nxe3 18. fxe3 Nb4 19. Nxb4 Bxb4 20. Qe2 Bc3 21. Rad1 Qb4 22. Rf4 Rf8 23. Rdf1 Bd2 24. R4f2 Bc3 25. Kh2 Qe7 26. Rf4 1/2-1/2

[Event "Politiken Cup 37th"]
[Site "Helsingor"]
[Date "2015.07.27"]
[Round "4"]
[White "Van den Boogaart, Jan Maarten"]
[Black "Jensen, Tommy"]
[Result "1/2-1/2"]
[WhiteElo "2024"]
[BlackElo "1821"]
[PlyCount "50"]
[EventDate "2015.07.25"]
[EventType "swiss"]
[EventRounds "10"]
[EventCountry "DEN"]
[SourceTitle "CBM 167 Extra"]
[Source "ChessBase"]
[SourceDate "2015.09.14"]
[SourceVersion "1"]
[SourceVersionDate "2015.09.14"]
[SourceQuality "1"]

1. e4 e5 2. Nf3 d6 3. d4 exd4 4. Nxd4 Nf6 5. Nc3 Be7 6. Be2 0-0 7. 0-0 Nbd7 8. f4 Nc5 9. Bf3 c6 10. Be3 Ne6 11. Nf5 Nc7 12. Nxe7+ Qxe7 13. Qe2 Re8 14. Rae1 b6 15. Qd1 Ba6 16. Rf2 d5 17. e5 Nd7 18. a4 Rad8 19. Rd2 Qb4 20. Ne2 Bxe2 21. Rexe2 Qxa4 22. Rd4 Qa6 23. c3 Qc8 24. Rdd2 f5 25. exf6 Nxf6 1/2-1/2

[Event "Politiken Cup 37th"]
[Site "Helsingor"]
[Date "2015.07.26"]
[Round "2"]
[White "Van den Boogaart, Jan Maarten"]
[Black "Solberg, Joachim Krokvik"]
[Result "0-1"]
[WhiteElo "2024"]
[BlackElo "2270"]
[PlyCount "86"]
[EventDate "2015.07.25"]
[EventType "swiss"]
[EventRounds "10"]
[EventCountry "DEN"]
[SourceTitle "CBM 167 Extra"]
[Source "ChessBase"]
[SourceDate "2015.09.14"]
[SourceVersion "1"]
[SourceVersionDate "2015.09.14"]
[SourceQuality "1"]

1. d4 Nf6 2. c4 e6 3. Nf3 d5 4. Nc3 c6 5. e3 Nbd7 6. Qc2 Bd6 7. Bd3 dxc4 8. Bxc4 b5 9. Bd3 Bb7 10. 0-0 0-0 11. Rd1 Qc7 12. h3 a6 13. Ng5 h6 14. Nge4 Be7 15. Nxf6+ Nxf6 16. Ne4 Nxe4 17. Bxe4 Rac8 18. Bd2 c5 19. dxc5 Bxc5 20. Rac1 Qb6 21. Bxb7 Qxb7 22. Qb3 b4 23. a3 a5 24. axb4 Bxb4 25. Bxb4 axb4 26. Qd3 b3 27. Qd2 Qb8 28. Rc3 Rxc3 29. Qxc3 Rc8 30. Qd3 Rc2 31. Rd2 Qc7 32. Qd8+ Qxd8 33. Rxd8+ Kh7 34. Rd7 Kg6 35. g3 Rxb2 36. Rb7 f5 37. Rb6 Kf6 38. Kg2 Ke5 39. Kf3 Kd5 40. g4 fxg4+ 41. hxg4 e5 42. e4+ Kc5 43. Re6 Rxf2+ 0-1

[Event "Guernsey op 40th"]
[Site "Vale"]
[Date "2014.10.20"]
[Round "2"]
[White "Norman, Kenneth I"]
[Black "Van den Boogaart, Jan Maarten"]
[Result "1/2-1/2"]
[WhiteElo "2153"]
[BlackElo "2041"]
[PlyCount "79"]
[EventDate "2014.10.19"]
[EventType "swiss"]
[EventRounds "7"]
[EventCountry "GCI"]
[SourceTitle "EXT 2016"]
[Source "ChessBase"]
[SourceDate "2015.10.08"]
[SourceVersion "1"]
[SourceVersionDate "2015.10.08"]
[SourceQuality "1"]

1. Nf3 Nf6 2. g3 d5 3. Bg2 c6 4. 0-0 Bg4 5. d3 Nbd7 6. Nbd2 e6 7. b3 Bd6 8. Bb2 0-0 9. Qe1 Re8 10. e4 e5 11. h3 Bh5 12. Nh4 Bg6 13. Nxg6 hxg6 14. Qe2 Qa5 15. a3 b5 16. c4 bxc4 17. dxc4 Qa6 18. Qd1 d4 19. b4 c5 20. b5 Qc8 21. a4 Bc7 22. a5 Re7 23. Nb3 Ne8 24. Qc2 Nd6 25. Ba3 Bd8 26. f4 Rb8 27. fxe5 Nxe5 28. Bxc5 Nexc4 29. Bxd6 Nxd6 30. Qxc8 Rxc8 31. Nxd4 Rc5 32. Nc6 Re8 33. Rad1 Bc7 34. Nxa7 Nxb5 35. Nxb5 Rxb5 36. a6 Ra5 37. Ra1 Ra8 38. Rxa5 Bxa5 39. Ra1 Rxa6 40. Kf1 1/2-1/2